000 00350pam a2200157a 44500
008 230515b1987 xxu||||| |||| 00| 0 eng d
020 _aNULL
041 _aNULL
082 _aCHE
100 _aCHEREMISINOFF P.N.
245 _aCIVIL ENGINEERING PRACTICE
250 _aNULL
260 _aNULL
_bTECHN
_c1987
300 _a685 HB
650 _aNULL
999 _c631483
_d631483